Podnikateľské prostredie vo vybranom odvetví priemyslu SR diplomová práca

Na minha lista:
Detalhes bibliográficos
Autor principal: Masárová, Monika
Autor Corporativo: Ekonomická univerzita v Bratislave. Fakulta podnikového manažmentu
Outros Autores: Šúbertová, Elena
Formato: Livro
Idioma:eslovaco
Publicado em: Bratislava 2010
Tags: Adicionar Tag
Sem tags, seja o primeiro a adicionar uma tag!

MARC

LEADER 00000nam a2200000 4500
001 0122557
005 20240318123103.1
041 0 |a slo 
044 |a SK 
245 1 0 |a Podnikateľské prostredie vo vybranom odvetví priemyslu SR  |b diplomová práca  |c Monika Masárová ; škol. Elena Šúbertová 
264 1 |a Bratislava  |c 2010 
300 |a 69 s. 
100 1 |a Masárová, Monika 
700 1 |a Šúbertová, Elena 
710 2 |a Ekonomická univerzita v Bratislave. Fakulta podnikového manažmentu